000 00503cam a2200145 4500
008 020419n1997 000 0 eng u
020 _a0580283062
035 _a(Sirsi) u117584
110 _aBritish Standards Institution
_9130
245 _aNoise and vibration control on construction and open sites. Code of practice applicable to surface mineral extraction (except coal) sites
260 _aLondon
_bBritish Standards Institution
_c1997
350 _a52
490 _aBS
_v5228-5:1997
942 _n0
999 _c102028
_d102028